Humanities for the environment : integrating knowledge, forging new constellations of practice (Record no. 86266)

MARC details
000 -LEADER
fixed length control field 00813 a2200253 4500
003 - CONTROL NUMBER IDENTIFIER
control field CBULib
005 - DATE AND TIME OF LATEST TRANSACTION
control field 20250724094323.0
008 - FIXED-LENGTH DATA ELEMENTS--GENERAL INFORMATION
fixed length control field 250716b |||||||| |||| 00| 0 eng d
020 ## - INTERNATIONAL STANDARD BOOK NUMBER
International Standard Book Number 9781138188167
040 ## - CATALOGING SOURCE
Language of cataloging English
Transcribing agency CBULib
Description conventions rda
041 ## - LANGUAGE CODE
Language code of text/sound track or separate title eng
050 ## - LIBRARY OF CONGRESS CALL NUMBER
Classification number GF 51 Hum
100 ## - MAIN ENTRY--PERSONAL NAME
Personal name Adamson, Joni
245 ## - TITLE STATEMENT
Title Humanities for the environment : integrating knowledge, forging new constellations of practice
Statement of responsibility, etc / edited by Joni Adamson and Michael Davis
260 ## - PUBLICATION, DISTRIBUTION, ETC. (IMPRINT)
Name of publisher, distributor, etc Routledge,
Date of publication, distribution, etc 2017
Place of publication, distribution, etc Oxford :
300 ## - PHYSICAL DESCRIPTION
Extent xiii, 266 pages : illustrations
336 ## - CONTENT TYPE
Source rdacontent
Content type term Text |
Content type code txt
337 ## - MEDIA TYPE
Source rdamedia
Media type term Unmediated |
Media type code n
338 ## - CARRIER TYPE
Source rdacarrier
Carrier type term Volume
Carrier type code nc
650 #0 - SUBJECT ADDED ENTRY--TOPICAL TERM
9 (RLIN) 1552
Topical term or geographic name as entry element HUMAN ECOLOGY
650 #0 - SUBJECT ADDED ENTRY--TOPICAL TERM
9 (RLIN) 4350
Topical term or geographic name as entry element ENVIRONMENTAL SCIENCES
700 ## - ADDED ENTRY--PERSONAL NAME
9 (RLIN) 4682
Personal name Davis, Michael
942 ## - ADDED ENTRY ELEMENTS (KOHA)
Source of classification or shelving scheme
Koha item type MONOGRAPH
Holdings
Withdrawn status Lost status Source of classification or shelving scheme Damaged status Not for loan Collection code Permanent Location Current Location Shelving location Date acquired Source of acquisition Cost, normal purchase price Total Checkouts Full call number Barcode Date last seen Copy number Price effective from Koha item type
          Main Library Open Access Collection CBU-MAIN LIBRARY, KITWE. CBU-MAIN LIBRARY, KITWE. General Stacks 07/16/2025 DON-BOOKAID 43.00   GF 51 Hum 753593 07/16/2025 1 07/16/2025 MONOGRAPH
          Main Library Open Access Collection CBU-MAIN LIBRARY, KITWE. CBU-MAIN LIBRARY, KITWE. General Stacks 07/16/2025 DON-BOOKAID 43.00   GF 51 Hum 753594 07/16/2025 2 07/16/2025 MONOGRAPH
          CBU-Lusaka Campus CBU- LUSAKA CAMPUS CBU-MAIN LIBRARY, KITWE. General Stacks 07/16/2025 DON-BOOKAID 43.00   GF 51 Hum 753592 07/16/2025 3 07/16/2025 MONOGRAPH
          CBU-Lusaka Campus CBU- LUSAKA CAMPUS CBU-MAIN LIBRARY, KITWE. General Stacks 07/24/2025 DON-BOOKAID 43.00   GF 51 Hum 753591 07/24/2025 4 07/24/2025 MONOGRAPH